000
00292nam a2200133Ia 4500
100
_a
Theraja/B.L./ SEDHA
942
_c
BK
366
_f
10
245
_a
ELECTRONICS DEVICES & CIRCUITS
260
_b
S.Chand & Co.
_a
New Delhi
082
_a
621.3/MEH/MEH
300
_a
592
546
_a
ENGLISH
999
_c
17927
_d
17927